000 00374nam a2200157Ia 4500
008 230524s9999 xx 000 0 und d
082 _a621.3981
_bPAR
100 _aH.Partab
245 0 _aModern Electric Traction
250 _a5TH
260 _aNEW DELHI
_bDhanpat Rai
_c2005
300 _aXI;760
500 _aQuantity Number: 2
650 _aElectrical
942 _cBK
999 _c17412
_d17412